书目信息 |
| 题名: |
Office 2003中文版入门与提高
|
|
| 作者: | ;东方人华 主编 | |
| 分册: | ||
| 出版信息: | 北京 清华大学出版社 2004.07 |
|
| 页数: | 401页 | |
| 开本: | 26cm | |
| 丛书名: | 软件入门与提高丛书 | |
| 单 册: | ||
| 中图分类: | TP317.1 | |
| 科图分类: | ||
| 主题词: | 办公室--自动化--应用软件--自学参考资料 | |
| 电子资源: | ||
| ISBN: | 7-302-08588-9 | |
| 000 | 00953nam 2200253 450 | |
| 001 | 011186338 | |
| 005 | 20050919164357.11 | |
| 010 | @a7-302-08588-9@dCNY35.00 | |
| 100 | @a20050317d2004 km y0chiy0120 ea | |
| 101 | 0 | @achi |
| 102 | @aCN@b110000 | |
| 105 | @aa z 000yy | |
| 200 | 1 | @aOffice 2003中文版入门与提高@AOffice 2003 zhong wen ban ru men yu ti gao@f东方人华主编@Fdong fang ren hua zhu bian |
| 210 | @a北京@c清华大学出版社@d2004.07 | |
| 215 | @a401页@c图@d26cm | |
| 225 | 2 | @a软件入门与提高丛书 |
| 330 | @a本书介绍了Office 2003中文版的功能、用法和技巧。内容包括文字处理、电子表格、幻灯片制作和演示、邮件传输、出版物设计、数据库设计等; 还讨论了跨组件的数据共享、数据发布等内容。 | |
| 410 | 0 | @12001 @a软件入门与提高丛书 |
| 606 | 0 | @a办公室@x自动化@x应用软件@x自学参考资料 |
| 610 | 0 | @aOffice 2003 |
| 690 | @aTP317.1@v4 | |
| 711 | 02 | @a东方人华@Adong fang ren hua@4主编 |
| 801 | 0 | @aCN@bQSSK@c20050919 |
| 905 | @a10447@dTP317.1@eD662 | |
| Office 2003中文版入门与提高/东方人华主编.-北京:清华大学出版社,2004.07 |
| 401页:图;26cm.-(软件入门与提高丛书) |
| ISBN 7-302-08588-9:CNY35.00 |
| 本书介绍了Office 2003中文版的功能、用法和技巧。内容包括文字处理、电子表格、幻灯片制作和演示、邮件传输、出版物设计、数据库设计等; 还讨论了跨组件的数据共享、数据发布等内容。 |
| ● |
| 相关链接 |
|
|
|
正题名:Office 2003中文版入门与提高
索取号:TP317.1/D662
 
预约/预借
| 序号 | 登录号 | 条形码 | 馆藏地/架位号 | 状态 | 备注 |
| 1 | 527941 | 205279410 | 期刊室512/301自科库 53排3列1层/ [索取号:TP317.1/D662] | 在馆 | |
| 2 | 527942 | 205279429 | 自科库301/301自科库 86排1列3层/ [索取号:TP317.1/D662] | 在馆 | |
| 3 | 527943 | 205279438 | 自科库301/301自科库 59排4列5层/ [索取号:TP317.1/D662] | 在馆 |